000
002410000a22001090004500
100
1
_a
Stafford, Roy
245
1
0
_a
Who cares?
300
_a
Vol. 14, Núm 2 (1996), Páginas 59-64
700
1
_a
Stafford, Jan
773
0
_t
Evangel
942
_c
ANA
999
_c
54187
_d
54187